000 00646nam a22002417a 4500
003 UA-OsUOA
001 89871
007 ta
008 20121112b un ||||| |||| 00| 0 ukr d
100 _aКозлов-Качан В. Н.
090 _a821.161.2
_bК59
942 _cBK
040 _aUA-OsUOA
_brus
_cUA-OsUOA
_dUA-OsUOA
245 _aСекунды века
_bповесть
300 _a235 с.
955 _a4
041 _arus
080 _a821.161.2
020 _a5-7757-0022-8
260 _aУжгород
_bКарпаты
_c1988
650 7 _a82 Література. Літературознавство
_2UDC
999 _c376150
_d376150